Spokojnosť klientov verejnej správy - výsledok pôsobenia personálneho manažmentu
Personálna funkcia verejnej správy. Spokojnosť klientov správy s jej pracovníkmi. Spokojnosť s verejnými činiteľmi.
Saved in:
| Main Author: | |
|---|---|
| Other Authors: | |
| Format: | Book Chapter |
| Language: | Slovak |
| Subjects: | |
| Tags: |
No Tags, Be the first to tag this record!
|
MARC
| LEADER | 00000nla$a2200000$$$4500 | ||
|---|---|---|---|
| 001 | 0145346 | ||
| 005 | 20221103133950.4 | ||
| 041 | 0 | |a slo | |
| 044 | |a SK | ||
| 245 | 1 | 0 | |a Spokojnosť klientov verejnej správy - výsledok pôsobenia personálneho manažmentu |c Juraj Tej, Helena Šimková |
| 520 | |a Personálna funkcia verejnej správy. Spokojnosť klientov správy s jej pracovníkmi. Spokojnosť s verejnými činiteľmi. | ||
| 610 | 2 | 0 | |a samospráva |
| 610 | 2 | 0 | |a správa verejná |
| 610 | 2 | 0 | |a riadenie ľudských zdrojov |
| 610 | 2 | 0 | |a manažment personálny |
| 100 | 1 | |a Tej, Juraj | |
| 700 | 1 | |a Šimková, Helena | |